00917nam a2200277Ia 450000500170000000800270001702000180004410000280006224500820009025000170017230000260018949000170021550000630023253400360029565000260033165000410035765000280039865000270042670000190045326400330047233600270050533700330053233800280056504000350059308400110062820220317000402.0141031s9999 ck 000 0 spa d a97884666543571 aDi Fulvio, Luca,d1957-13aLa chica que tocaba el cielo cLuca Di Fulvio ; traducción de Patricia Orts a1a edición a749 páginasc23 cm. aHistorríca a"Una novela sobre la esperanza y el poder de los sueños" tLa ragazza che toccava il cielo142LEMBaNovela italiana142LEMBaHistorias de aventurasvNovela142LEMBaEsperanzavNovela142LEMBaSueñosvNovela1 aOrts, Patricia aBarcelonabEdiciones Bc2014 atextobtxt2rdacontent asin mediaciónbn2rdamedia avolumenbnc2rdacarrier aCO-BoRNBPbspaerdacCO-BoRNBP aN DIF1